[Event "SB-2022-0-00629"]
[Site "LSS email"]
[Date "2022.01.09"]
[Round "?"]
[White "Weiss, Lester"]
[Black "Wittlieb, Friedhelm"]
[Result "0-1"]
[WhiteElo "1978"]
[BlackElo "1865"]
[PlyCount "76"]
[EventDate "2021.12.01"]
[EventType "tourn (corr)"]
[EventRounds "6"]
[EventCountry "GER"]
[SourceTitle "Corr 2024"]
[Source "ChessBase"]
[SourceDate "2023.10.19"]
[SourceVersion "1"]
[SourceVersionDate "2023.10.19"]
[SourceQuality "1"]

1. d4 d5 2. c4 e6 3. Nc3 Nf6 4. Nf3 dxc4 5. e3 a6 6. a4 c5 7. Bxc4 Nc6 8. 0-0 cxd4 9. exd4 Be7 10. Re1 0-0 11. Bf4 Qb6 12. Qd2 Bd7 13. Rad1 Rad8 14. Bg5 Na5 15. Bd3 Bc6 16. Ne5 Nb3 17. Qe3 Nxd4 18. Qh3 Rfe8 19. Bxf6 Bxf6 20. Qxh7+ Kf8 21. Nxc6 bxc6 22. Ne4 Ke7 23. Qh5 Rh8 24. Qc5+ Qxc5 25. Nxc5 a5 26. Bc4 Rh5 27. Ne4 Be5 28. Ng3 Bxg3 29. fxg3 Rhh8 30. b3 f6 31. Rc1 e5 32. h3 Kd6 33. Kf2 f5 34. g4 g6 35. gxf5 gxf5 36. Rh1 e4 37. g3 Rhf8 38. Rhe1 Ke5 0-1

[Event "WC-2020-S-00004"]
[Site "LSS email"]
[Date "2020.06.08"]
[Round "?"]
[White "Granara Barreto, Sebastian"]
[Black "Wittlieb, Friedhelm"]
[Result "1/2-1/2"]
[WhiteElo "1936"]
[BlackElo "1791"]
[PlyCount "67"]
[EventDate "2020.06.08"]
[EventType "tourn (corr)"]
[EventRounds "12"]
[EventCountry "GER"]
[SourceTitle "Corr 2024"]
[Source "ChessBase"]
[SourceDate "2023.10.19"]
[SourceVersion "1"]
[SourceVersionDate "2023.10.19"]
[SourceQuality "1"]

1. d4 e6 2. c4 d5 3. Nc3 c5 4. cxd5 exd5 5. Nf3 cxd4 6. Nxd4 Nf6 7. Bg5 Nc6 8. e3 Be7 9. Be2 0-0 10. 0-0 Be6 11. Rc1 Rc8 12. a3 a6 13. Nxc6 Rxc6 14. Bf3 h6 15. Bh4 Rc4 16. Bxf6 Bxf6 17. Nxd5 Bxd5 18. Qxd5 Rxc1 19. Rxc1 Bxb2 20. Rb1 Qxd5 21. Bxd5 Rc8 22. Bxb7 Rc1+ 23. Rxc1 Bxc1 24. Bxa6 Bxa3 25. g4 g6 26. Kg2 g5 27. f4 Bd6 28. Kf3 Bc5 29. Bc4 Kg7 30. Ke4 Ba7 31. h3 Bc5 32. Bd5 Bb6 33. Kf3 Bc7 34. fxg5 1/2-1/2

[Event "WC-2020-S-00004"]
[Site "LSS email"]
[Date "2020.06.08"]
[Round "?"]
[White "Koronowski, Juergen"]
[Black "Wittlieb, Friedhelm"]
[Result "1-0"]
[WhiteElo "2025"]
[BlackElo "1791"]
[PlyCount "67"]
[EventDate "2020.06.08"]
[EventType "tourn (corr)"]
[EventRounds "12"]
[EventCountry "GER"]
[SourceTitle "Corr 2024"]
[Source "ChessBase"]
[SourceDate "2023.10.19"]
[SourceVersion "1"]
[SourceVersionDate "2023.10.19"]
[SourceQuality "1"]

1. e4 e6 2. d4 d5 3. Nc3 Bb4 4. e5 c5 5. a3 Bxc3+ 6. bxc3 Ne7 7. Qg4 cxd4 8. Qxg7 Rg8 9. Qxh7 Nbc6 10. Ne2 Qc7 11. f4 dxc3 12. h4 d4 13. h5 Bd7 14. h6 0-0-0 15. Qd3 Kb8 16. h7 Rh8 17. Rb1 Bc8 18. g4 b6 19. Bg2 Bb7 20. Rh6 Qc8 21. Be4 Nd5 22. Qg3 Qc7 23. Bd3 Qe7 24. f5 Ka8 25. f6 Qc5 26. Rb5 Qf8 27. Rh5 a6 28. Bh6 Qxa3 29. Rxd5 Rxd5 30. Bg7 Rxh7 31. Rxh7 Nxe5 32. Bh6 Qd6 33. Bf4 Nxd3+ 34. Qxd3 1-0

[Event "WC-2020-S-00004"]
[Site "LSS email"]
[Date "2020.06.08"]
[Round "?"]
[White "Wittlieb, Friedhelm"]
[Black "Glowinski, Daniel"]
[Result "1-0"]
[WhiteElo "1791"]
[BlackElo "1445"]
[PlyCount "125"]
[EventDate "2020.06.08"]
[EventType "tourn (corr)"]
[EventRounds "12"]
[EventCountry "GER"]
[SourceTitle "Corr 2024"]
[Source "ChessBase"]
[SourceDate "2023.10.19"]
[SourceVersion "1"]
[SourceVersionDate "2023.10.19"]
[SourceQuality "1"]

1. e4 c6 2. Nc3 d5 3. d4 dxe4 4. Nxe4 Nd7 5. Nf3 Ngf6 6. Nxf6+ Nxf6 7. c3 Bg4 8. h3 Bxf3 9. Qxf3 Qd5 10. Be2 e6 11. Qg3 0-0-0 12. a4 h5 13. 0-0 Bd6 14. Qd3 e5 15. Qf5+ Rd7 16. Bf3 e4 17. Qxd5 cxd5 18. Be2 Rc7 19. h4 Kd7 20. Bd2 Ke6 21. a5 Ng8 22. f3 Nf6 23. Bd1 Bg3 24. Bg5 Nh7 25. fxe4 dxe4 26. Bf4 Bxf4 27. Rxf4 Nf6 28. Bc2 Kd5 29. Rf5+ Kd6 30. Raf1 e3 31. Rg5 Ng4 32. Rxg7 Re7 33. Rg5 Nf2 34. Re1 Ng4 35. Kf1 f6 36. Rg6 Ke6 37. Ke2 b6 38. a6 b5 39. Rf1 b4 40. c4 b3 41. Bf5+ Kf7 42. Rf4 Rb8 43. Bb1 Rd8 44. c5 Rd5 45. Bd3 Rd8 46. g3 Rdd7 47. Rgxg4 hxg4 48. Bc4+ Kg6 49. Bxb3 Rd8 50. Bc2+ Kg7 51. b4 Kh8 52. b5 Kg7 53. Rxg4+ Kh8 54. Bd3 Rb8 55. d5 Rc7 56. c6 Rd8 57. Rd4 Rd6 58. Kxe3 Re7+ 59. Re4 Rf7 60. Re8+ Kg7 61. Kd4 f5 62. Kc5 Rc7 63. Kxd6 1-0

[Event "WC-2020-S-00004"]
[Site "LSS email"]
[Date "2020.06.08"]
[Round "?"]
[White "Wittlieb, Friedhelm"]
[Black "Kolanek, Roman"]
[Result "1/2-1/2"]
[WhiteElo "1791"]
[BlackElo "2026"]
[PlyCount "48"]
[EventDate "2020.06.08"]
[EventType "tourn (corr)"]
[EventRounds "12"]
[EventCountry "GER"]
[SourceTitle "Corr 2024"]
[Source "ChessBase"]
[SourceDate "2023.10.19"]
[SourceVersion "1"]
[SourceVersionDate "2023.10.19"]
[SourceQuality "1"]

1. e4 c5 2. Nf3 d6 3. Bb5+ Bd7 4. Bxd7+ Qxd7 5. 0-0 Nf6 6. Qe2 g6 7. c3 Bg7 8. d4 0-0 9. Rd1 cxd4 10. cxd4 d5 11. e5 Ne8 12. Bf4 Nc6 13. Nc3 Nc7 14. Qe3 Rfc8 15. Rac1 Ne6 16. Bh6 b5 17. Bxg7 Kxg7 18. Ne1 b4 19. Ne2 Na5 20. b3 Rxc1 21. Rxc1 Rc8 22. Rxc8 Qxc8 23. f4 Nd8 24. Qd3 Nac6 1/2-1/2

[Event "SB-2020-0-00591"]
[Site "LSS email"]
[Date "2020.02.13"]
[Round "?"]
[White "Chernov, Igor"]
[Black "Wittlieb, Friedhelm"]
[Result "1/2-1/2"]
[WhiteElo "1897"]
[BlackElo "1856"]
[PlyCount "89"]
[EventDate "2019.12.24"]
[EventType "tourn (corr)"]
[EventRounds "6"]
[EventCountry "GER"]
[SourceTitle "Corr 2022"]
[Source "ChessBase"]
[SourceDate "2021.10.24"]
[SourceVersion "1"]
[SourceVersionDate "2021.10.24"]
[SourceQuality "1"]

1. Nf3 e6 2. c4 c5 3. g3 b6 4. Bg2 Bb7 5. 0-0 Be7 6. Nc3 Nf6 7. d4 cxd4 8. Nxd4 Bxg2 9. Kxg2 Qc8 10. Qd3 0-0 11. e4 Nc6 12. Bf4 Rd8 13. Nxc6 dxc6 14. Qe2 Nd7 15. e5 b5 16. cxb5 cxb5 17. Rac1 Qb7+ 18. Qe4 Qa6 19. Rfd1 Rac8 20. a3 Rc4 21. Qe2 Qc6+ 22. f3 a6 23. Ne4 Nb6 24. b3 Rxc1 25. Rxc1 Qa8 26. Be3 Nd7 27. Qb2 Qd5 28. Rc7 Bf8 29. Bf4 h6 30. b4 Nb6 31. Bxh6 Nc4 32. Qf2 Qxe5 33. Bf4 Qd5 34. Qe2 e5 35. Bg5 Ra8 36. h4 f5 37. Nc3 Qd6 38. Qd1 Qxc7 39. Qd5+ Qf7 40. Qxa8 Nxa3 41. Qxa6 Bxb4 42. Qa8+ Bf8 43. Nd5 Nc4 44. Be7 e4 45. Bxf8 1/2-1/2

[Event "SB-2020-0-00591"]
[Site "LSS email"]
[Date "2020.02.13"]
[Round "?"]
[White "Wittlieb, Friedhelm"]
[Black "Vodicka, Milan"]
[Result "1/2-1/2"]
[WhiteElo "1856"]
[BlackElo "1945"]
[PlyCount "52"]
[EventDate "2019.12.24"]
[EventType "tourn (corr)"]
[EventRounds "6"]
[EventCountry "GER"]
[SourceTitle "Corr 2022"]
[Source "ChessBase"]
[SourceDate "2021.10.24"]
[SourceVersion "1"]
[SourceVersionDate "2021.10.24"]
[SourceQuality "1"]

1. e4 e5 2. Nf3 Nc6 3. Bb5 a6 4. Ba4 Nf6 5. 0-0 Be7 6. Bxc6 dxc6 7. d3 Nd7 8. Nbd2 f6 9. Qe2 Nf8 10. c3 Ng6 11. Nc4 0-0 12. h3 Qe8 13. Qc2 c5 14. d4 exd4 15. cxd4 f5 16. dxc5 Bxc5 17. Re1 fxe4 18. Ncd2 Bb6 19. Nxe4 Qc6 20. Qxc6 bxc6 21. Be3 Bxh3 22. Ned2 Bc8 23. Rac1 Bb7 24. Nc4 c5 25. Nfe5 Nf4 26. f3 Rad8 1/2-1/2

[Event "SC-2019-0-00381"]
[Site "LSS email"]
[Date "2019.11.22"]
[Round "?"]
[White "Linart, Ludvik"]
[Black "Wittlieb, Friedhelm"]
[Result "1/2-1/2"]
[WhiteElo "1786"]
[BlackElo "1814"]
[PlyCount "71"]
[EventDate "2019.08.30"]
[EventType "tourn (corr)"]
[EventRounds "6"]
[EventCountry "GER"]
[SourceTitle "Corr 2022"]
[Source "ChessBase"]
[SourceDate "2021.10.24"]
[SourceVersion "1"]
[SourceVersionDate "2021.10.24"]
[SourceQuality "1"]

1. d4 d5 2. Nf3 h6 3. c4 e6 4. Nc3 Nf6 5. a3 c5 6. cxd5 exd5 7. Bf4 Nc6 8. e3 c4 9. Be2 Be7 10. 0-0 0-0 11. b3 cxb3 12. Qxb3 Na5 13. Qb1 Bd7 14. Nb5 Bxb5 15. Qxb5 a6 16. Qd3 b5 17. a4 b4 18. Nd2 Qb6 19. Rab1 Qe6 20. Rfc1 Rfc8 21. Be5 Rc6 22. Bf3 Rac8 23. Rxc6 Rxc6 24. Bxf6 Rc3 25. Qe2 gxf6 26. Nf1 Kf8 27. Ng3 Nc4 28. Qd1 Bd6 29. Bg4 Qe8 30. Qf3 Bxg3 31. hxg3 Kg7 32. Rxb4 Rc1+ 33. Kh2 Nd2 34. Qf4 Nf1+ 35. Kh3 Nxe3 36. Kh2 1/2-1/2

[Event "SC-2019-0-00381"]
[Site "LSS email"]
[Date "2019.11.21"]
[Round "?"]
[White "Debonis, Patrick"]
[Black "Wittlieb, Friedhelm"]
[Result "1/2-1/2"]
[WhiteElo "1916"]
[BlackElo "1814"]
[PlyCount "43"]
[EventDate "2019.08.30"]
[EventType "tourn (corr)"]
[EventRounds "6"]
[EventCountry "GER"]
[SourceTitle "Corr 2022"]
[Source "ChessBase"]
[SourceDate "2021.10.24"]
[SourceVersion "1"]
[SourceVersionDate "2021.10.24"]
[SourceQuality "1"]

1. d4 Nf6 2. Bg5 d5 3. e3 c5 4. Bxf6 exf6 5. c4 dxc4 6. Nf3 cxd4 7. Nxd4 Qa5+ 8. Nc3 Bb4 9. Qc2 0-0 10. Bxc4 Nc6 11. 0-0 Nxd4 12. exd4 Bd7 13. Bd3 Qh5 14. Qb3 Bd6 15. g3 Be6 16. Bc4 Bxc4 17. Qxc4 Rfd8 18. Qb3 Qf3 19. Rfe1 Bf8 20. Re3 Qf5 21. Ne2 Qd7 22. Rc1 1/2-1/2

[Event "SC-2019-0-00381"]
[Site "LSS email"]
[Date "2019.11.21"]
[Round "?"]
[White "Langheld, Werner"]
[Black "Wittlieb, Friedhelm"]
[Result "1/2-1/2"]
[WhiteElo "1882"]
[BlackElo "1814"]
[PlyCount "53"]
[EventDate "2019.08.30"]
[EventType "tourn (corr)"]
[EventRounds "6"]
[EventCountry "GER"]
[SourceTitle "Corr 2022"]
[Source "ChessBase"]
[SourceDate "2021.10.24"]
[SourceVersion "1"]
[SourceVersionDate "2021.10.24"]
[SourceQuality "1"]

1. e4 e5 2. Nf3 d6 3. d4 exd4 4. Qxd4 Nc6 5. Qc3 Nf6 6. Bb5 Bd7 7. 0-0 Be7 8. h3 0-0 9. Nbd2 a6 10. Bc4 b5 11. Bb3 Na7 12. e5 dxe5 13. Nxe5 c5 14. Bxf7+ Rxf7 15. Nxf7 Kxf7 16. Nf3 Nc6 17. Re1 c4 18. Ne5+ Nxe5 19. Qxe5 Rc8 20. Bd2 Rc5 21. Qe2 Bd6 22. Bc3 Qc7 23. Bxf6 gxf6 24. Rad1 Bh2+ 25. Kh1 Re5 26. Qd2 Rxe1+ 27. Qxe1 1/2-1/2

[Event "SC-2019-0-00378"]
[Site "LSS email"]
[Date "2019.09.17"]
[Round "?"]
[White "Wittlieb, Friedhelm"]
[Black "Linart, Ludvik"]
[Result "1-0"]
[WhiteElo "1772"]
[BlackElo "1754"]
[PlyCount "77"]
[EventDate "2019.07.06"]
[EventType "tourn (corr)"]
[EventRounds "6"]
[EventCountry "GER"]
[SourceTitle "Corr 2022"]
[Source "ChessBase"]
[SourceDate "2021.10.24"]
[SourceVersion "1"]
[SourceVersionDate "2021.10.24"]
[SourceQuality "1"]

1. e4 e5 2. Nf3 d6 3. Nc3 Nf6 4. Bc4 Be7 5. h3 0-0 6. 0-0 c6 7. d4 exd4 8. Nxd4 b5 9. Bd3 b4 10. Na4 c5 11. Ne2 Bb7 12. Ng3 Bc6 13. c3 a5 14. a3 Nbd7 15. axb4 axb4 16. cxb4 cxb4 17. b3 d5 18. exd5 Bxd5 19. Nf5 Re8 20. Bb2 Bf8 21. Bc2 Qc7 22. Qd2 Qb7 23. Rfd1 h6 24. f3 Ra5 25. Re1 Re6 26. Rad1 Qc7 27. Rc1 Qb8 28. Nd4 Re5 29. Rxe5 Nxe5 30. f4 Ned7 31. Kh2 Ra7 32. Bd1 Rc7 33. Bf3 Rxc1 34. Bxc1 Bxf3 35. Nxf3 Bd6 36. Qd4 Qb5 37. Qxd6 Qf1 38. Bd2 Qb5 39. Qxb4 1-0

[Event "SC-2019-0-00378"]
[Site "LSS email"]
[Date "2019.09.14"]
[Round "?"]
[White "Wittlieb, Friedhelm"]
[Black "Thomae, Eberhard"]
[Result "1-0"]
[WhiteElo "1772"]
[BlackElo "1731"]
[PlyCount "57"]
[EventDate "2019.07.06"]
[EventType "tourn (corr)"]
[EventRounds "6"]
[EventCountry "GER"]
[SourceTitle "Corr 2022"]
[Source "ChessBase"]
[SourceDate "2021.10.24"]
[SourceVersion "1"]
[SourceVersionDate "2021.10.24"]
[SourceQuality "1"]

1. e4 e5 2. Nf3 Nc6 3. Bb5 a6 4. Ba4 Nf6 5. 0-0 Nxe4 6. Re1 Nc5 7. Bxc6 dxc6 8. Nxe5 Ne6 9. d4 Bd6 10. c3 0-0 11. Nd2 c5 12. d5 Nf4 13. Qf3 f6 14. Nec4 Re8 15. Rxe8+ Qxe8 16. Ne4 Nxd5 17. Ncxd6 cxd6 18. Bd2 Qc6 19. Bh6 gxh6 20. c4 Nc7 21. Nxf6+ Kg7 22. Nh5+ Kg6 23. Nf4+ Kg7 24. Qc3+ Kf7 25. Qd3 Kg8 26. Re1 Qd7 27. h3 b5 28. Nd5 bxc4 29. Qd1 1-0

[Event "SC-2019-0-00378"]
[Site "LSS email"]
[Date "2019.09.10"]
[Round "?"]
[White "Madrid Sole, Antonio"]
[Black "Wittlieb, Friedhelm"]
[Result "1/2-1/2"]
[WhiteElo "1817"]
[BlackElo "1772"]
[PlyCount "57"]
[EventDate "2019.07.06"]
[EventType "tourn (corr)"]
[EventRounds "6"]
[EventCountry "GER"]
[SourceTitle "Corr 2022"]
[Source "ChessBase"]
[SourceDate "2021.10.24"]
[SourceVersion "1"]
[SourceVersionDate "2021.10.24"]
[SourceQuality "1"]

1. d4 d5 2. e4 dxe4 3. Nc3 Nf6 4. f3 Bf5 5. fxe4 Nxe4 6. Qf3 Nxc3 7. bxc3 e6 8. Qxb7 Nd7 9. Bd3 Bxd3 10. cxd3 c5 11. Nf3 cxd4 12. Nxd4 Bc5 13. Nb3 0-0 14. d4 Bd6 15. 0-0 Rb8 16. Qf3 Rc8 17. Bd2 Qb6 18. Rac1 Ne5 19. Qe2 Nc4 20. Be1 e5 21. Bg3 Rfe8 22. Rce1 a6 23. Nd2 Nxd2 24. Qxd2 f6 25. Qd3 Qa5 26. dxe5 Bxe5 27. Bxe5 fxe5 28. Rf3 Qxa2 29. Rh3 1/2-1/2

[Event "SD-2018-0-00297"]
[Site "LSS email"]
[Date "2018.12.24"]
[Round "?"]
[White "Wittlieb, Friedhelm"]
[Black "Pech, Jaroslav Sr"]
[Result "1/2-1/2"]
[WhiteElo "1688"]
[BlackElo "1633"]
[PlyCount "103"]
[EventDate "2018.09.19"]
[EventType "tourn (corr)"]
[EventRounds "6"]
[EventCountry "GER"]
[SourceTitle "Corr 2022"]
[Source "ChessBase"]
[SourceDate "2021.10.24"]
[SourceVersion "1"]
[SourceVersionDate "2021.10.24"]
[SourceQuality "1"]

1. e4 e6 2. d4 d5 3. Nd2 c5 4. Ngf3 a6 5. dxc5 Bxc5 6. Bd3 Nc6 7. 0-0 Nf6 8. c3 Qc7 9. exd5 Nxd5 10. a4 b6 11. Nc4 h6 12. Qe2 Bb7 13. Re1 Rd8 14. Bc2 Be7 15. Qe4 Bf6 16. Qe2 Be7 17. Bd2 0-0 18. Rad1 Nf6 19. Nce5 Nxe5 20. Nxe5 Bc5 21. Bf4 Rxd1 22. Qxd1 Rd8 23. Qe2 Qe7 24. Bg3 a5 25. Kh1 Nd7 26. Qd3 Nf6 27. Qe2 Bd6 28. f4 Bxe5 29. fxe5 Nd7 30. Rd1 Nc5 31. Rd6 Rxd6 32. exd6 Qg5 33. b4 Nd7 34. Kg1 Qd5 35. h4 Nf6 36. Be5 Kf8 37. c4 Qc6 38. bxa5 bxa5 39. Qd2 Nd7 40. Bc3 Qxc4 41. Bxa5 Ke8 42. Bb4 Qxh4 43. a5 Qc4 44. Ba4 f6 45. Qc3 Qxc3 46. Bxc3 Ba6 47. Bd4 Kd8 48. g3 h5 49. Kf2 Kc8 50. Kf3 e5 51. Be3 Bd3 52. Bc6 1/2-1/2

[Event "SD-2018-0-00297"]
[Site "LSS email"]
[Date "2018.12.23"]
[Round "?"]
[White "Sofia, Gerardo"]
[Black "Wittlieb, Friedhelm"]
[Result "1/2-1/2"]
[WhiteElo "1480"]
[BlackElo "1688"]
[PlyCount "92"]
[EventDate "2018.09.19"]
[EventType "tourn (corr)"]
[EventRounds "6"]
[EventCountry "GER"]
[SourceTitle "Corr 2022"]
[Source "ChessBase"]
[SourceDate "2021.10.24"]
[SourceVersion "1"]
[SourceVersionDate "2021.10.24"]
[SourceQuality "1"]

1. e4 e5 2. Nf3 Nc6 3. Bb5 a6 4. Ba4 Nf6 5. 0-0 Be7 6. Re1 b5 7. Bb3 0-0 8. c3 d5 9. exd5 Nxd5 10. d4 exd4 11. cxd4 Bg4 12. Nc3 Nb6 13. Be3 Na5 14. Bc2 f5 15. Qe2 Nbc4 16. Bc1 Bd6 17. h3 Bh5 18. Qe6+ Kh8 19. Bxf5 Bxf3 20. gxf3 Nc6 21. Re4 Rf6 22. Bg5 Rxe6 23. Bxd8 Rxe4 24. Bxe4 Rxd8 25. Bxc6 Nxb2 26. Rb1 Nc4 27. Bb7 Na3 28. Rc1 Bf4 29. Rd1 a5 30. Nd5 Bd6 31. Rc1 g6 32. Nxc7 Bxc7 33. Rxc7 Rxd4 34. Be4 Rd2 35. f4 Rxa2 36. f5 Rd2 37. fxg6 hxg6 38. Bxg6 Rd6 39. Bf7 a4 40. Rb7 Kg7 41. Be8+ Kf6 42. h4 Ke6 43. h5 Rd8 44. Bxb5 Nxb5 45. Rxb5 Ra8 46. h6 Kf7 1/2-1/2

[Event "CP-2018-P-00027"]
[Site "LSS email"]
[Date "2018.09.27"]
[Round "?"]
[White "Wittlieb, Friedhelm"]
[Black "Hogar, Raif"]
[Result "1/2-1/2"]
[WhiteElo "1689"]
[BlackElo "2118"]
[PlyCount "125"]
[EventDate "2018.10.01"]
[EventType "tourn (corr)"]
[EventRounds "6"]
[EventCountry "GER"]
[SourceTitle "Corr 2022"]
[Source "ChessBase"]
[SourceDate "2021.10.24"]
[SourceVersion "1"]
[SourceVersionDate "2021.10.24"]
[SourceQuality "1"]

1. e4 e6 2. d4 d5 3. Nd2 c5 4. Ngf3 cxd4 5. exd5 Qxd5 6. Bc4 Qd6 7. 0-0 Nf6 8. Nb3 Nc6 9. Nbxd4 Nxd4 10. Nxd4 Be7 11. Re1 0-0 12. Bb3 a6 13. c3 Qc7 14. Bg5 Rd8 15. Qf3 h6 16. Bf4 Bd6 17. Bxh6 Bxh2+ 18. Kh1 Be5 19. Bg5 Qa5 20. Bh4 Bd7 21. Kg1 Bxd4 22. cxd4 Bc6 23. Qg3 Ne4 24. Rxe4 Bxe4 25. Bf6 Bg6 26. Bxe6 fxe6 27. Bxd8 Rxd8 28. Qxg6 Qf5 29. Qxf5 exf5 30. Rd1 Kf7 31. Kf1 Re8 32. Rd3 Kf6 33. a4 b5 34. a5 Kf7 35. g3 Re7 36. Rf3 g6 37. Re3 Rd7 38. Rd3 Rc7 39. Rc3 Rd7 40. Rd3 Rc7 41. Rc3 Rd7 42. Rc6 Rxd4 43. Ke2 Rb4 44. Rxa6 Rxb2+ 45. Ke3 Ra2 46. Ra8 b4 47. a6 b3 48. Kd3 Rxf2 49. a7 b2 50. Rb8 b1Q+ 51. Rxb1 Ra2 52. Rb7+ Ke6 53. Kc4 g5 54. Kb5 Rb2+ 55. Ka4 Ra2+ 56. Kb5 Rb2+ 57. Ka6 Ra2+ 58. Kb6 f4 59. gxf4 gxf4 60. Rb8 Ra3 61. a8Q Rxa8 62. Rxa8 Kd5 63. Ra1 1/2-1/2